000 00367nam a22001457a 4500
003 PILC
005 20151027102625.0
008 131107b xxu||||| |||| 00| 0 eng d
050 _aLB 2300
_b.L566 2003
245 _aLengua A2 :
_bevaluacion interna espaƱol A2 /
260 _aSuiza:
_bIBO,
_cc2003.
300 _a34 p. :
_c30 cm.
942 _2lcc
_cBK
999 _c15023
_d15023